[Event "CRO-chT3"]
[Site "Zagreb"]
[Date "2009.03.15"]
[Round "2"]
[White "Vidakovic, Darko"]
[Black "Varga, Josip"]
[Result "1/2-1/2"]
[WhiteElo "2119"]
[BlackElo "2114"]
[PlyCount "117"]
[EventDate "2009.03.08"]
[EventType "team-tourn"]
[EventRounds "9"]
[EventCountry "CRO"]
[SourceTitle "EXT 2011"]
[Source "ChessBase"]
[SourceDate "2010.11.26"]
[SourceVersion "1"]
[SourceVersionDate "2010.11.26"]
[SourceQuality "1"]

1. d4 Nf6 2. Nf3 g6 3. g3 Bg7 4. Bg2 0-0 5. 0-0 d6 6. c4 Nbd7 7. Nc3 e5 8. e4 Re8 9. h3 exd4 10. Nxd4 Nc5 11. Re1 a5 12. Qc2 Nfd7 13. Be3 Ne5 14. Bf1 Ne6 15. Qd1 Nxd4 16. Bxd4 Be6 17. Nb5 c6 18. Bxe5 Bxe5 19. Nc3 Qb6 20. Na4 Qa7 21. Kg2 Rad8 22. f4 Bg7 23. Qc2 f5 24. exf5 Bxf5 25. Bd3 Bxd3 26. Qxd3 Qd4 27. Qc2 d5 28. c5 Qb4 29. a3 Qc4 30. Qxc4 dxc4 31. Rxe8+ Rxe8 32. Rc1 Bxb2 33. Rxc4 Bxa3 34. Nc3 Rb8 35. Ne4 b5 36. cxb6 Rxb6 37. Nf6+ Kg7 38. Nd7 Rb7 39. Ne5 c5 40. Nd3 Bb4 41. Nxc5 Ra7 42. Nd3 Rb7 43. Rc6 Bd2 44. Ra6 Bb4 45. Kf3 Rc7 46. Nxb4 axb4 47. Rb6 Rc3+ 48. Kg4 b3 49. Kh4 h6 50. g4 Rf3 51. Rb4 Kf7 52. Rb7+ Ke6 53. Rb6+ Kf7 54. Rb7+ Kg8 55. Rb4 Kg7 56. Rb7+ Kf8 57. f5 gxf5 58. gxf5 Rxf5 59. Rxb3 1/2-1/2

[Event "CRO-chT3"]
[Site "Zagreb"]
[Date "2009.03.08"]
[Round "1"]
[White "Kolmanic, Zvonko"]
[Black "Vidakovic, Darko"]
[Result "0-1"]
[WhiteElo "2041"]
[BlackElo "2119"]
[PlyCount "78"]
[EventDate "2009.03.08"]
[EventType "team-tourn"]
[EventRounds "9"]
[EventCountry "CRO"]
[SourceTitle "EXT 2011"]
[Source "ChessBase"]
[SourceDate "2010.11.26"]
[SourceVersion "1"]
[SourceVersionDate "2010.11.26"]
[SourceQuality "1"]

1. e4 d6 2. d4 Nf6 3. Nc3 g6 4. Bg5 c6 5. Qd2 Qa5 6. Bd3 Nbd7 7. Nge2 h6 8. Bf4 Bg7 9. f3 a6 10. a3 c5 11. Be3 b5 12. Ng3 h5 13. 0-0 h4 14. Nh1 Bb7 15. Nf2 Nh5 16. Be2 Rc8 17. Rfe1 cxd4 18. Bxd4 Ne5 19. f4 Nc4 20. Bxc4 Rxc4 21. Bxg7 Nxg7 22. Rad1 Qc7 23. Re2 Ne6 24. f5 Nd4 25. Ree1 gxf5 26. exf5 Rg8 27. Qxd4 Rxd4 28. Rxd4 Qc5 29. Rf4 Bxg2 30. h3 Bd5+ 31. Rg4 Rxg4+ 32. hxg4 Bb7 33. Kf1 Qc4+ 34. Kg1 Qf4 35. Nce4 h3 36. Re2 Kd7 37. c3 h2+ 38. Kg2 Bxe4+ 39. Rxe4 Qxf2+ 0-1

[Event "Zagreb op"]
[Site "Zagreb"]
[Date "1998.01.07"]
[Round "5"]
[White "Vidakovic, Darko"]
[Black "Milasin, Miljenko"]
[Result "0-1"]
[WhiteElo "2165"]
[BlackElo "2295"]
[PlyCount "120"]
[EventDate "1998.01.03"]
[EventType "swiss"]
[EventRounds "9"]
[EventCountry "CRO"]
[SourceTitle "CBM 062 Extra"]
[Source "ChessBase"]
[SourceDate "1998.03.09"]
[SourceVersion "1"]
[SourceVersionDate "1998.03.09"]
[SourceQuality "1"]

1. d4 Nf6 2. Nf3 g6 3. g3 Bg7 4. Bg2 d6 5. 0-0 0-0 6. c4 Nbd7 7. Qc2 Re8 8. Rd1 c6 9. h3 Qc7 10. b4 a5 11. bxa5 Qxa5 12. Bb2 Nb6 13. Nbd2 Qa4 14. Qb3 Ra6 15. e4 Nfd7 16. Bf1 c5 17. e5 cxd4 18. e6 fxe6 19. Bxd4 Qxb3 20. Nxb3 Ra3 21. Bd3 Na4 22. Bxg7 Kxg7 23. Nfd4 Nac5 24. Bc2 Rf8 25. Re1 e5 26. Nb5 Nxb3 27. Bxb3 Ra5 28. Kg2 Nc5 29. Rad1 Bd7 30. Nc7 Bc6+ 31. Kg1 Rc8 32. Nd5 Bxd5 33. cxd5 Nxb3 34. axb3 Rc3 35. Re3 Rxe3 36. fxe3 Ra2 37. Rc1 Re2 38. Rc3 e4 39. Kf1 Rd2 40. Rc4 Rxd5 41. Rxe4 e5 42. Rb4 b5 43. Ke2 Rc5 44. Kd2 d5 45. Ke2 Kf6 46. Kf3 h6 47. Kg4 Ke6 48. h4 Kf6 49. h5 g5 50. Kf3 Ke7 51. Kg4 Ke6 52. Kf3 Kf5 53. e4+ dxe4+ 54. Kf2 g4 55. Ke3 Rc3+ 56. Kf2 Rf3+ 57. Ke2 Rxg3 58. Rxb5 Kf4 59. Rb8 Rg2+ 60. Kf1 Rb2 0-1